Gaming Quiz

Random Gaming or Japanese Quiz
Score 0/35 Timer 06:00
0 Plays Today
City % Correct
Tokyo
100%
Kyoto
87.5%
Osaka
75%
Kobe
62.5%
Hiroshima
62.5%
Kagoshima
50%
Nagoya
50%
Nagasaki
50%
Yokohama
50%
Sapporo
50%
Fukushima
50%
Fukuoka
50%
Kochi
50%
Naha
50%
Nara
37.5%
Matsuyama
37.5%
Toyama
37.5%
Nagano
37.5%
City % Correct
Hakodate
25%
Ise
25%
Kamakura
25%
Satsuma
12.5%
Shimonoseki
12.5%
Sado
12.5%
Takayama
12.5%
Akita
12.5%
Aomori
12.5%
Izumo
0%
Suo
0%
Bizen
0%
Echizen
0%
Izumi
0%
Omi
0%
Echigo
0%
Kozuke
0%
Remove Ads.
Support Sporcle.
Get the best of Sporcle when you Go Orange. This ad-free experience offers more features, more stats, and more fun while also helping to support Sporcle. Thank you for becoming a member.

You're not logged in!

Compare scores with friends on all Sporcle quizzes.
OR
Log In

Sporcle TV

Today on Sporcle TV


Watch our educational content, quiz creation guides, and fun videos on Sporcle TV.

Show Comments

Extras

Top Quizzes Today


Score Distribution

Paid Content

Your Account Isn't Verified!

In order to create a playlist on Sporcle, you need to verify the email address you used during registration. Go to your Sporcle Settings to finish the process.

Report this User

Report this user for behavior that violates our Community Guidelines.

Details: